El reencantamiento del mundo /

Este es el segundo volumen de una trilogía sobre la evolución de la conciencia humana compuesta además por Cuerpo y Espíritu, la historia oculta de Occidente (1989) e Historia de la conciencia (2000) del historiador de la ciencia y la cultura Morris Berman, en la cual éste busca analizar la evolució...

Descripció completa

Guardat en:
Dades bibliogràfiques
Autor principal: Berman, Morris (autor)
Format: Llibre
Idioma:espanyol
Publicat: Santiago, Chile : Cuatro Vientos, 2004, c2004
Edició:9a edición
Matèries:
Etiquetes: Afegir etiqueta
Sense etiquetes, Sigues el primer a etiquetar aquest registre!

MARC

LEADER 00000nam^a2200000^a^4500
001 000182899
005 20250521000000.0
009 20260310102024.18
020 |a 84-89333-20-3 
037 |a Acervo ITESO - Biblioteca 
041 |a ESP 
082 |a 909  |b BER 
100 |a Berman, Morris  |e (autor) 
245 1 3 |a El reencantamiento del mundo /  |c M. Berman ; tr. por Sally Bendersky, Francisco Huneeus. 
250 |a 9a edición 
264 4 |a Santiago, Chile :  |b Cuatro Vientos,  |c 2004, c2004 
300 |a 343 p. 
336 |a texto  |b txt  |2 rdacontenido 
337 |a sin mediación  |b n  |2 rdamedio 
338 |a volumen  |b nc  |2 rdasoporte 
500 |a Traducción de: The Reenchantment of the World 
520 |a Este es el segundo volumen de una trilogía sobre la evolución de la conciencia humana compuesta además por Cuerpo y Espíritu, la historia oculta de Occidente (1989) e Historia de la conciencia (2000) del historiador de la ciencia y la cultura Morris Berman, en la cual éste busca analizar la evolución de las profundidades del cuerpo y la mente del hombre, desde tiempos de la prehistoria hasta la posmodernidad. En este ejemplar el autor aborda el nacimiento de la conciencia científica moderna y la sociedad a comienzos de la Europa moderna. Un análisis del desencantmaiento del mundo, se refiere al eros recobrado y propone una metafísica y una política de la conciencia. 
649 |a XX 
650 |a Alma y Cuerpo -  |x Filosofía 
650 |a Alma y Cuerpo 
650 |a Cuerpo Humano -  |x Aspectos Psicológicos 
650 |a Conciencia 
650 |a Ciencia y Desarrollo 
650 |a Sociedad -  |z Europa -  |x Historia 
650 |a Metafísica 
650 |a Positivismo 
650 |a Ideología -  |z Europa 
650 |a Cosmovisión -  |z Europa 
650 |a Cambios Sociales y Culturales 
650 |a Cultura de Masas 
650 |a Epistemología 
650 |a Modernidad y Posmodernidad 
650 |a Europa -  |x Historia 
650 |a Historia Universal 
910 |a Fondo General 
920 |a Impresos - Libros 
930 |a Colección General 
905 |a 101 
901 |a 0500123115  |b IT1  |c ACC  |u 20250521 
902 |a https://opac.biblio.iteso.mx/vufind/Record/000182899